000
00219nam a2200097Ia 4500
008
191206s9999 xx 000 0 und d
090
_a
HB172.5A76
245
0
_a
Macroeconomics
260
_b
5 steps to a 5
260
_c
c20uu
999
_c
16375
_d
16375